| 000 | 00815cab a2200229 4500 | ||
|---|---|---|---|
| 001 | ABS37959 | ||
| 008 | 090401t1987 xxu||||| |||| 00| 0 eng d | ||
| 035 | _a(Sirsi) u7791 | ||
| 041 | _aeng | ||
| 100 | _aGriffiths, G.L.H. | ||
| 245 | _aInto the light? The Law Commission working paper on land mortgages | ||
| 260 | _c1987 | ||
| 350 | _a0 | ||
| 490 |
_aConveyancer & Property Lawyer _vMay-June 1987, 191-204(14) |
||
| 520 | _aTraces the evolution of the present system of land mortgages and describes the problems presented by it. Continues with a comprehensive review of the proposals for reform put forward by the Law Commission. | ||
| 650 | _aCONSUMER CREDIT ACT 1974 | ||
| 650 | _aLAND CHARGES ACT 1972 | ||
| 650 | _aLAW OF PROPERTY ACT 1925 | ||
| 690 | _aLAND | ||
| 942 | _n0 | ||
| 948 | _c04/03/1997 | ||
| 999 |
_c4740 _d4740 |
||